000
00340nam a2200145Ia 4500
008
230718s9999 xx 000 0 und d
041
_a
Eng.
082
_a
324.24
_b
THO-T
100
_a
Thompson, wellie
245
4
_a
The good del Canse
260
_a
Pakistan
_b
Cambridge unity Press
_c
1992
300
_a
258
650
_a
Law
999
_c
26503
_d
26503